Städte in Österreich - Statistiken

Allgemein
  • Dieses Quiz wurde 975 mal gespielt
  • Das Durchschnittsergebnis liegt bei 32 aus 77
Antwortstatistiken
Einwohnerzahl Bundesland Antwort % Korrekt
1.765.649 Wien Wien
100%
146.631 Salzburg Salzburg
98%
269.997 Steiermark Graz
96%
193.814 Oberösterreich Linz
96%
124.579 Tirol Innsbruck
95%
96.640 Kärnten Klagenfurt
89%
28.412 Vorarlberg Bregenz
85%
52.145 Niederösterreich St. Pölten
85%
60.004 Kärnten Villach
83%
59.339 Oberösterreich Wels
73%
42.273 Niederösterreich Wiener Neustadt
72%
46.883 Vorarlberg Dornbirn
69%
13.485 Burgenland Eisenstadt
66%
38.120 Oberösterreich Steyr
64%
31.428 Vorarlberg Feldkirch
63%
23.050 Niederösterreich Amstetten
59%
24.085 Niederösterreich Krems
57%
13.171 Tirol Hall in Tirol
55%
25.229 Niederösterreich Baden
54%
24.466 Steiermark Leoben
54%
13.858 Vorarlberg Bludenz
52%
18.215 Tirol Kufstein
51%
24.993 Kärnten Wolfsberg
49%
20.495 Niederösterreich Mödling
48%
12.541 Steiermark Bruck an der Mur
47%
20.378 Salzburg Hallein
47%
11.903 Tirol Lienz
47%
16.255 Oberösterreich Braunau
46%
26.174 Niederösterreich Klosterneuburg
43%
13.021 Oberösterreich Gmunden
42%
11.444 Oberösterreich Ried im Innkreis
41%
10.760 Salzburg Sankt Johann im Pongau
40%
15.555 Kärnten Spittal an der Drau
39%
15.582 Niederösterreich Tulln
39%
12.473 Niederösterreich Korneuburg
38%
21.503 Steiermark Kapfenberg
37%
21.655 Vorarlberg Lustenau
37%
17.032 Niederösterreich Schwechat
36%
23.834 Oberösterreich Traun
36%
13.187 Tirol Schwaz
35%
11.945 Oberösterreich Vöcklabruck
34%
14.278 Kärnten Feldkirchen
33%
26.395 Oberösterreich Leonding
33%
12.473 Kärnten St. Veit an der Glan
33%
12.980 Tirol Wörgl
33%
11.097 Niederösterreich Zwettl
32%
11.523 Oberösterreich Enns
30%
10.747 Niederösterreich Gänserndorf
30%
11.136 Niederösterreich Mistelbach
30%
13.759 Oberösterreich Bad Ischl
29%
10.310 Salzburg Bischofshofen
29%
11.341 Niederösterreich Waidhofen an der Ybbs
29%
11.563 Niederösterreich Hollabrunn
28%
16.127 Niederösterreich Stockerau
28%
15.579 Vorarlberg Hohenems
27%
11.024 Kärnten Völkermarkt
26%
12.376 Niederösterreich Neunkirchen
25%
16.100 Salzburg Saalfelden
25%
14.986 Tirol Telfs
24%
17.634 Niederösterreich Traiskirchen
22%
15.658 Oberösterreich Ansfelden
21%
11.301 Steiermark Knittelfeld
21%
12.665 Salzburg Wals-Siezenheim
21%
11.368 Niederösterreich Bad Vöslau
20%
12.864 Vorarlberg Hard
20%
10.994 Vorarlberg Götzis
19%
14.754 Niederösterreich Perchtoldsdorf
19%
10.226 Salzburg Seekirchen am Wallersee
19%
11.509 Niederösterreich Brunn am Gebirge
18%
10.307 Niederösterreich Gerasdorf bei Wien
17%
11.716 Vorarlberg Rankweil
17%
10.135 Kärnten St. Andrä
17%
14.833 Niederösterreich Ternitz
17%
10.033 Niederösterreich Groß-Enzersdorf
16%
12.541 Oberösterreich Marchtrenk
16%
10.228 Niederösterreich Ebreichsdorf
14%
11.190 Steiermark Trofaiach
12%
Keine übereinstimmenden Quizze gefunden
Verteilung der Resultate
Anzahl Personen mit jedem Resultat
Perzentil nach korrekt beantworteten Fragen
Ihre Resultats-Entwicklung
Sie haben dieses Quiz noch nicht gespielt